000 00254nam a2200109Ia 4500
999 _c6995
_d6995
020 _a978-0072892383
100 _aWebster,Allen L.
245 0 _aApplied Statistics for Business and Economics
260 _aUSA
_bPearson
_c1995
300 _a1047
942 _cBK